[Event "XXIX Miedzynarodowy Festiwal Szachowy CRACOVIA-2018 Grupa A"]
[Site "Krakow, Hotel Galaxy, ul. Gesia 22a"]
[Date "2019.01.03"]
[Round "8.45"]
[White "Parol, Pola"]
[Black "Bukojemski, Adam"]
[Result "0-1"]
[WhiteElo "2114"]
[BlackElo "2218"]
[Annotator "Leszek"]
[PlyCount "84"]
[EventDate "2019.??.??"]

1. e4 c5 2. Nf3 a6 3. c4 Nc6 4. d4 cxd4 5. Nxd4 Nf6 6. Nc3 e6 7. Be2 Bb4 8. O-O
Qc7 9. Nxc6 dxc6 10. Qc2 e5 11. Na4 Be7 12. c5 Bg4 13. Bc4 Rd8 14. f3 Bc8 15.
Bd2 Nh5 16. g3 O-O 17. Rfd1 g5 18. Bb3 Ng7 19. Nb6 Be6 20. Ba5 Rxd1+ 21. Rxd1
Rd8 22. Rxd8+ Qxd8 23. Qc3 Qd4+ 24. Qxd4 exd4 25. Bxe6 Nxe6 26. b4 d3 27. Kf2
d2 28. Ke2 Nd4+ 29. Kxd2 Nxf3+ 30. Ke2 Nxh2 31. Nc8 Kf8 32. Bc7 Ke8 33. Bd6 Bf6
34. e5 Bg7 35. Nb6 Ng4 36. Nc4 Kd7 37. Kf3 h5 38. a4 Ke6 39. Na5 Nxe5+ 40. Bxe5
Bxe5 41. Nxb7 g4+ 42. Kg2 Kd5 {Zapis nieczytelny} 0-1

[Event "XXIX Miedzynarodowy Festiwal Szachowy CRACOVIA-2018 Grupa A"]
[Site "Krakow, Hotel Galaxy, ul. Gesia 22a"]
[Date "2019.01.03"]
[Round "8.46"]
[White "Englert, Jan"]
[Black "Tomaszewski, Roman"]
[Result "1/2-1/2"]
[Annotator "Leszek"]
[PlyCount "62"]
[EventDate "2019.??.??"]

{[BlackTitle "IM"] [WhiteElo "2106"] [BlackElo "2216"]} 1. c4 Nf6 2. Nf3 e6 3.
Nc3 d5 4. e3 dxc4 5. Bxc4 a6 6. a4 c5 7. O-O Nc6 8. d4 Be7 9. dxc5 Qxd1 10.
Rxd1 Bxc5 11. Nd2 Bb4 12. Nce4 Nxe4 13. Nxe4 Ke7 14. Bd2 f5 15. Bxb4+ Nxb4 16.
Nd6 Rd8 17. Nxc8+ Raxc8 18. b3 Rxd1+ 19. Rxd1 Nc6 20. Be2 Ne5 21. Rb1 Rc2 22.
Kf1 Ra2 23. h3 a5 24. Bb5 Rc2 25. b4 axb4 26. Rxb4 Ra2 27. f4 Nc6 28. Bxc6 bxc6
29. Rb7+ Kf6 30. Rc7 Rxa4 31. Rxc6 h5 1/2-1/2

[Event "XXIX Miedzynarodowy Festiwal Szachowy CRACOVIA-2018 Grupa A"]
[Site "Krakow, Hotel Galaxy, ul. Gesia 22a"]
[Date "2019.01.03"]
[Round "8.47"]
[White "Pawlowski, Bartosz"]
[Black "Kasperek, Ryszard"]
[Result "1/2-1/2"]
[WhiteElo "2101"]
[BlackElo "2212"]
[Annotator "Leszek"]
[PlyCount "61"]
[EventDate "2019.??.??"]

1. e4 c5 2. Nf3 e6 3. d4 cxd4 4. Nxd4 a6 5. Bd3 Nf6 6. O-O Qc7 7. c4 Nc6 8.
Nxc6 dxc6 9. f4 e5 10. f5 b5 11. Be3 bxc4 12. Bc2 a5 13. Nc3 Ba6 14. Kh1 Be7
15. Qe2 Rb8 16. Rab1 h5 17. Rf3 Rb7 18. Rg3 h4 19. Rh3 Nd7 20. Qg4 Kf8 21. Bf2
Nf6 22. Qe2 Nd7 23. Qe1 Nc5 24. f6 gxf6 25. Bxc5 Bxc5 26. Rxh4 Rg8 27. Rh6 Qd6
28. Na4 Bb4 29. Qf2 Qd2 30. Qxd2 Bxd2 31. Rxf6 {Zapis nieczytelny} 1/2-1/2

[Event "XXIX Miedzynarodowy Festiwal Szachowy CRACOVIA-2018 Grupa A"]
[Site "Krakow, Hotel Galaxy, ul. Gesia 22a"]
[Date "2019.01.03"]
[Round "8.48"]
[White "Om, Kharola"]
[Black "Szczurek, Krzysztof"]
[Result "1-0"]
[Annotator "Leszek"]
[PlyCount "51"]
[EventDate "2019.??.??"]

{[BlackTitle "FM"] [WhiteElo "2080"] [BlackElo "2212"]} 1. e4 c5 2. Nf3 d6 3.
d4 cxd4 4. Nxd4 Nf6 5. Nc3 a6 6. Bc4 e6 7. Bb3 Be7 8. Bg5 Nc6 9. f3 Na5 10. Qd2
Nxb3 11. axb3 Bd7 12. O-O-O b5 13. b4 Qc7 14. Nb3 a5 15. bxa5 b4 16. Ne2 Ra6
17. Kb1 O-O 18. e5 Rfa8 19. exf6 Qxa5 20. Nxa5 Rxa5 21. c4 e5 22. Qxb4 gxf6 23.
Be3 Ra1+ 24. Kc2 Ba4+ 25. Kd2 Bxd1 26. Rxd1 1-0

[Event "XXIX Miedzynarodowy Festiwal Szachowy CRACOVIA-2018 Grupa A"]
[Site "Krakow, Hotel Galaxy, ul. Gesia 22a"]
[Date "2019.01.03"]
[Round "8.49"]
[White "Cholleti, Sahajasri"]
[Black "Bombek, Peter"]
[Result "1-0"]
[WhiteElo "2069"]
[BlackElo "2205"]
[PlyCount "63"]
[EventDate "2019.??.??"]

1. Nf3 d5 2. d4 Nf6 3. c4 dxc4 4. e3 Bg4 5. Bxc4 e6 6. Nbd2 Nbd7 7. Qb3 Nb6 8.
Ne5 Be7 9. f3 Bf5 10. g4 Bg6 11. h4 Nfd5 12. h5 f6 13. Bb5+ Kf8 14. hxg6 fxe5
15. Rxh7 Rxh7 16. gxh7 Kf7 17. Nc4 Bb4+ 18. Ke2 Nxc4 19. Bxc4 Qh4 20. Bxd5 Qe1+
21. Kd3 exd5 22. a3 Ba5 23. Qxd5+ Kg6 24. Qe4+ Kh6 25. b4 Qd1+ 26. Kc3 c5 27.
bxa5 g6 28. Rb1 Rd8 29. Bd2 Qa4 30. g5+ Kxh7 31. Rh1+ Kg7 32. Qxe5+ 1-0

[Event "XXIX Miedzynarodowy Festiwal Szachowy CRACOVIA-2018 Grupa A"]
[Site "Krakow, Hotel Galaxy, ul. Gesia 22a"]
[Date "2019.01.03"]
[Round "8.52"]
[White "Radovic, Stefan"]
[Black "Antolak, Julia"]
[Result "0-1"]
[Annotator "Leszek"]
[PlyCount "60"]
[EventDate "2019.??.??"]

{[BlackTitle "WFM"] [WhiteElo "2019"] [BlackElo "2183"]} 1. f4 b6 2. Nf3 Bb7 3.
e3 g6 4. d4 Bg7 5. Bd3 Nf6 6. O-O O-O 7. Nbd2 c5 8. c3 d6 9. Qe2 Nbd7 10. e4 e6
11. e5 Nd5 12. Ne4 dxe5 13. fxe5 cxd4 14. cxd4 Nb4 15. Bg5 f6 16. Bc4 fxg5 17.
Bxe6+ Kh8 18. Nd6 Bd5 19. Bxd5 Nxd5 20. e6 Qe7 21. Nxg5 Qxd6 22. Nf7+ Rxf7 23.
Rxf7 N7f6 24. Re1 Re8 25. Rxa7 Nf4 26. Qc4 Ng4 27. Re4 Bxd4+ 28. Rxd4 Ne2+ 29.
Kf1 Nxd4 30. Rf7 Ne3+ 0-1

[Event "XXIX Miedzynarodowy Festiwal Szachowy CRACOVIA-2018 Grupa A"]
[Site "Krakow, Hotel Galaxy, ul. Gesia 22a"]
[Date "2019.01.03"]
[Round "8.62"]
[White "Milikow, Elie"]
[Black "Hristodoulaki, Antonia"]
[Result "1-0"]
[Annotator "Leszek"]
[PlyCount "91"]
[EventDate "2019.??.??"]

{[BlackTitle ""] [WhiteElo "2083"] [BlackElo "2048"]} 1. e4 c5 2. Nf3 Nc6 3.
Bb5 Nf6 4. e5 Nd5 5. O-O Qc7 6. Re1 e6 7. c3 a6 8. Ba4 c4 9. Bc2 b5 10. d3 cxd3
11. Bxd3 Bc5 12. Nbd2 Nf4 13. Bf1 Ng6 14. Qe2 Be7 15. g3 Bb7 16. Bg2 Rb8 17. b3
b4 18. c4 Ncxe5 19. Nxe5 Qxe5 20. Qxe5 Nxe5 21. Bxb7 Rxb7 22. Rxe5 Bf6 23. Bb2
d6 24. Ne4 Bxe5 25. Bxe5 dxe5 26. Nd6+ Kd7 27. Nxb7 Kc6 28. Rd1 Kxb7 29. Rd7+
Kc6 30. Rxf7 Rd8 31. Rxg7 Rd2 32. Rxh7 Rxa2 33. Re7 Kd6 34. Ra7 a5 35. h4 a4
36. bxa4 Kc5 37. h5 b3 38. Rb7 Kxc4 39. h6 Rxa4 40. h7 Ra8 41. g4 Rh8 42. g5 b2
43. g6 Kc3 44. g7 Rxh7 45. g8=Q Rxb7 46. Qc8+ 1-0

[Event "XXIX Miedzynarodowy Festiwal Szachowy CRACOVIA-2018 Grupa A"]
[Site "Krakow, Hotel Galaxy, ul. Gesia 22a"]
[Date "2019.01.03"]
[Round "8.66"]
[White "Moscicka, Pola"]
[Black "Rasmussen, Jonas H"]
[Result "0-1"]
[Annotator "Leszek"]
[PlyCount "146"]
[EventDate "2019.??.??"]

{[WhiteElo "1950"] [BlackElo "1982"]} 1. e4 e5 2. Nf3 Nc6 3. Bb5 a6 4. Ba4 b5
5. Bb3 Bb7 6. d3 h6 7. O-O Nf6 8. c3 d6 9. Re1 Nh7 10. Nbd2 Be7 11. Nf1 Bf6 12.
h3 Ne7 13. Ng3 c6 14. d4 O-O 15. Be3 Ng6 16. Nf5 exd4 17. cxd4 Bc8 18. Ng3 Ng5
19. Nxg5 Bxg5 20. Qc2 Bd7 21. e5 d5 22. Qd2 Bxe3 23. Qxe3 Qh4 24. Ne2 Ne7 25.
Bc2 Bf5 26. Rac1 Rac8 27. g4 Bxc2 28. Rxc2 h5 29. Qg3 Qxg3+ 30. Nxg3 hxg4 31.
hxg4 g6 32. f4 Rc7 33. f5 f6 34. e6 Kg7 35. Kg2 Rh8 36. Kf3 Rcc8 37. fxg6 Kxg6
38. Kf4 Rh4 39. Rg1 Re8 40. Kf3 Rf8 41. b4 Kg5 42. Ne2 Rh2 43. Rcc1 Rfh8 44. a3
R8h3+ 45. Rg3 Rxg3+ 46. Nxg3 Rh4 47. Nf5 Nxf5 48. gxf5 Kxf5 49. Rxc6 Rf4+ 50.
Kg3 Re4 51. Rd6 Rxe6 52. Rxd5+ Ke4 53. Rd8 f5 54. d5 Rg6+ 55. Kf2 Ke5 56. Kf3
Rd6 57. Re8+ Kxd5 58. Kf4 Kc4 59. Kxf5 Rd3 60. Rc8+ Kb3 61. Rc6 Kxa3 62. Ke4
Rd8 63. Rxa6+ Kxb4 64. Rc6 Kb3 65. Rb6 b4 66. Rc6 Kb2 67. Ke3 b3 68. Ke2 Kb1
69. Rb6 b2 70. Ke3 Ra8 71. Kd2 Ka1 72. Kc2 Rc8+ 73. Kd2 b1=Q 0-1

[Event "XXIX Miedzynarodowy Festiwal Szachowy CRACOVIA-2018 Grupa A"]
[Site "Krakow, Hotel Galaxy, ul. Gesia 22a"]
[Date "2019.01.03"]
[Round "8.69"]
[White "Kulesza, Andrzej"]
[Black "Majek, Kacper"]
[Result "0-1"]
[WhiteElo "1934"]
[BlackElo "2011"]
[Annotator "Leszek"]
[PlyCount "64"]
[EventDate "2019.??.??"]

1. e4 e5 2. Nf3 Nc6 3. Bb5 a6 4. Ba4 Nf6 5. O-O Be7 6. Re1 b5 7. Bb3 d6 8. c3
O-O 9. d4 Bg4 10. Be3 Re8 11. Nbd2 d5 12. exd5 Nxd5 13. h3 Bh5 14. dxe5 Nxe3
15. Rxe3 Bg5 16. Re2 Nxe5 17. g4 Nxf3+ 18. Nxf3 Rxe2 19. Qxe2 Bg6 20. Rd1 Qf6
21. Nxg5 Qxg5 22. Rd7 Rd8 23. Qe7 Qxe7 24. Rxe7 c5 25. c4 Bd3 26. cxb5 axb5 27.
Bxf7+ Kf8 28. Rc7 Rd6 29. a3 Be4 30. Bb3 c4 31. Bxc4 Rd4 32. Kh2 bxc4 {Zapis
nieczytelny} 0-1

[Event "XXIX Miedzynarodowy Festiwal Szachowy CRACOVIA-2018 Grupa A"]
[Site "Krakow, Hotel Galaxy, ul. Gesia 22a"]
[Date "2019.01.04"]
[Round "9.2"]
[White "Dietmayer-kraeutler, Marco"]
[Black "Kosakowski, Jakub"]
[Result "1-0"]
[BlackElo "2415"]
[WhiteElo "2311"]
[LiveChessVersion "1.4.8"]

1. d4 {[%clk 1:28:02]} Nf6 {[%clk 1:30:32]} 2. c4 {[%clk 1:28:27]} g6
{[%clk 1:30:53]} 3. Nc3 {[%clk 1:28:53]} Bg7 {[%clk 1:31:14]} 4. e4
{[%clk 1:29:16]} d6 {[%clk 1:31:38]} 5. Nf3 {[%clk 1:29:42]} O-O {[%clk 1:32:00]}
6. Be2 {[%clk 1:30:08]} e5 {[%clk 1:32:22]} 7. dxe5 {[%clk 1:30:17]} dxe5
{[%clk 1:32:27]} 8. Qxd8 {[%clk 1:30:16]} Rxd8 {[%clk 1:32:50]} 9. Bg5
{[%clk 1:30:17]} Re8 {[%clk 1:21:39]} 10. h3 {[%clk 1:29:25]} c6 {[%clk 1:21:53]}
11. O-O {[%clk 1:24:22]} Na6 {[%clk 1:22:03]} 12. Nd2 {[%clk 1:10:48]} Nd7
{[%clk 1:14:39]} 13. Rfc1 {[%clk 0:54:12]} Ndc5 {[%clk 1:11:40]} 14. a3
{[%clk 0:51:58]} Ne6 {[%clk 1:11:33]} 15. Be3 {[%clk 0:52:22]} Nd4
{[%clk 1:10:27]} 16. b4 {[%clk 0:52:20]} b6 {[%clk 1:10:25]} 17. Bf1
{[%clk 0:50:05]} Nc7 {[%clk 1:07:34]} 18. a4 {[%clk 0:46:43]} Bf8
{[%clk 0:49:08]} 19. b5 {[%clk 0:42:45]} Rd8 {[%clk 0:48:08]} 20. bxc6
{[%clk 0:38:13]} Nxc6 {[%clk 0:47:42]} 21. Nd5 {[%clk 0:37:54]} Ne6
{[%clk 0:48:03]} 22. Nb3 {[%clk 0:36:43]} Rb8 {[%clk 0:46:34]} 23. a5
{[%clk 0:33:53]} bxa5 {[%clk 0:40:31]} 24. Nxa5 {[%clk 0:34:05]} Ncd4
{[%clk 0:40:51]} 25. Bxd4 {[%clk 0:25:14]} Nxd4 {[%clk 0:33:54]} 26. c5
{[%clk 0:23:50]} Be6 {[%clk 0:27:30]} 27. c6 {[%clk 0:21:56]} Bxd5
{[%clk 0:25:27]} 28. exd5 {[%clk 0:18:07]} Rbc8 {[%clk 0:20:27]} 29. Bc4
{[%clk 0:16:46]} Rc7 {[%clk 0:19:20]} 30. Nb7 {[%clk 0:16:44]} Ra8
{[%clk 0:19:39]} 31. g4 {[%clk 0:09:38]} Kg7 {[%clk 0:14:56]} 32. Kg2
{[%clk 0:09:29]} Kf6 {[%clk 0:09:59]} 33. Ra6 {[%clk 0:08:52]} e4
{[%clk 0:10:15]} 34. Rd1 {[%clk 0:03:06]} Ke5 {[%clk 0:01:37]} 35. d6
{[%clk 0:03:34]} Rxc6 {[%clk 0:00:49]} 36. Ra5+ {[%clk 0:02:10]} Kf4
{[%clk 0:00:31]} 37. Rxd4 {[%clk 0:02:38]} Bg7 {[%clk 0:00:53]} 38. Rxe4+
{[%clk 0:02:32]} 1-0

[Event "XXIX Miedzynarodowy Festiwal Szachowy CRACOVIA-2018 Grupa A"]
[Site "Krakow, Hotel Galaxy, ul. Gesia 22a"]
[Date "2019.01.04"]
[Round "9.7"]
[White "Gumularz, Szymon"]
[Black "Licznerski, Lukasz"]
[Result "1-0"]
[BlackElo "2326"]
[WhiteElo "2462"]
[LiveChessVersion "1.4.8"]

1. e4 {[%clk 1:30:58]} c6 {[%clk 1:27:25]} 2. d4 {[%clk 1:31:08]} d5
{[%clk 1:27:53]} 3. e5 {[%clk 1:29:44]} c5 {[%clk 1:28:21]} 4. Nf3
{[%clk 1:29:06]} Nc6 {[%clk 1:27:48]} 5. c4 {[%clk 1:22:04]} cxd4
{[%clk 1:28:02]} 6. Nxd4 {[%clk 1:21:46]} dxc4 {[%clk 1:28:14]} 7. Nxc6
{[%clk 1:21:09]} Qxd1+ {[%clk 1:28:40]} 8. Kxd1 {[%clk 1:21:32]} bxc6
{[%clk 1:29:06]} 9. Bxc4 {[%clk 1:21:52]} Bf5 {[%clk 1:29:32]} 10. Nc3
{[%clk 1:19:40]} e6 {[%clk 1:30:00]} 11. Ke2 {[%clk 1:19:20]} Ne7
{[%clk 1:30:15]} 12. Bd2 {[%clk 1:08:29]} Nd5 {[%clk 1:27:58]} 13. Rac1
{[%clk 1:08:26]} Be7 {[%clk 1:27:07]} 14. Na4 {[%clk 1:03:22]} Nb6
{[%clk 1:16:09]} 15. Bb3 {[%clk 1:00:35]} Be4 {[%clk 1:16:37]} 16. f3
{[%clk 0:57:12]} Bd5 {[%clk 1:16:46]} 17. Be3 {[%clk 0:53:31]} Rb8
{[%clk 1:01:03]} 18. Nxb6 {[%clk 0:51:39]} axb6 {[%clk 1:01:30]} 19. Bxd5
{[%clk 0:52:03]} cxd5 {[%clk 1:01:55]} 20. Rc7 {[%clk 0:50:43]} Bd8
{[%clk 1:00:14]} 21. Ra7 {[%clk 0:50:52]} O-O {[%clk 1:00:30]} 22. Rc1
{[%clk 0:50:52]} f6 {[%clk 1:00:29]} 23. Bd4 {[%clk 0:42:41]} Rf7
{[%clk 0:57:37]} 24. Ra6 {[%clk 0:41:12]} Rfb7 {[%clk 0:57:50]} 25. Rc6
{[%clk 0:38:26]} Kf7 {[%clk 0:58:11]} 26. b4 {[%clk 0:38:50]} Bc7
{[%clk 0:49:11]} 27. f4 {[%clk 0:38:34]} fxe5 {[%clk 0:48:45]} 28. fxe5
{[%clk 0:33:38]} Kg6 {[%clk 0:47:27]} 29. g4 {[%clk 0:24:57]} Kg5
{[%clk 0:47:18]} 30. Rxe6 {[%clk 0:18:59]} Kxg4 {[%clk 0:47:37]} 31. Re7
{[%clk 0:18:23]} Kf5 {[%clk 0:45:07]} 32. Kd3 {[%clk 0:18:21]} Bd8
{[%clk 0:38:12]} 33. Re8 {[%clk 0:17:44]} Bc7 {[%clk 0:38:18]} 34. Re7
{[%clk 0:14:43]} Bd8 {[%clk 0:38:38]} 35. Rxb7 {[%clk 0:13:33]} Rxb7
{[%clk 0:39:06]} 36. Ra8 {[%clk 0:12:58]} Be7 {[%clk 0:33:02]} 37. b5
{[%clk 0:12:02]} h5 {[%clk 0:32:08]} 38. a4 {[%clk 0:12:07]} Bb4 {[%clk 0:26:09]}
39. Ra6 {[%clk 0:03:39]} Ba5 {[%clk 0:25:30]} 40. Ra8 {[%clk 0:34:01]} Bb4
{[%clk 0:40:10]} 41. Rd8 {[%clk 0:28:17]} Be7 {[%clk 0:18:41]} 42. Re8
{[%clk 0:19:25]} Bb4 {[%clk 0:17:31]} 43. Rc8 {[%clk 0:15:05]} h4
{[%clk 0:13:29]} 44. Rc6 {[%clk 0:13:59]} Ba5 {[%clk 0:12:57]} 45. e6
{[%clk 0:14:09]} g5 {[%clk 0:12:25]} 46. e7 Rxe7 {[%clk 0:12:53]} 47. Bxb6
{[%clk 0:13:36]} Bxb6 {[%clk 0:13:17]} 48. Rxb6 {[%clk 0:14:03]} g4
{[%clk 0:13:20]} 49. Rb8 {[%clk 0:12:44]} Rg7 {[%clk 0:11:06]} 50. Ke2
{[%clk 0:07:19]} d4 {[%clk 0:01:57]} 51. Rd8 {[%clk 0:07:13]} Ke4
{[%clk 0:01:35]} 52. b6 {[%clk 0:07:23]} g3 {[%clk 0:00:44]} 53. hxg3
{[%clk 0:07:48]} hxg3 {[%clk 0:01:00]} 54. Kf1 {[%clk 0:08:12]} d3
{[%clk 0:00:32]} 55. a5 {[%clk 0:08:22]} Rb7 {[%clk 0:00:33]} 56. Rd6
{[%clk 0:04:43]} Rf7+ {[%clk 0:00:32]} 57. Kg2 {[%clk 0:04:45]} Rf2+
{[%clk 0:00:32]} 58. Kxg3 {[%clk 0:05:02]} Ra2 {[%clk 0:00:32]} 59. b7
{[%clk 0:05:04]} Rb2 {[%clk 0:00:57]} 60. a6 {[%clk 0:05:21]} 1-0

[Event "XXIX Miedzynarodowy Festiwal Szachowy CRACOVIA-2018 Grupa A"]
[Site "Krakow, Hotel Galaxy, ul. Gesia 22a"]
[Date "2019.01.04"]
[Round "9.9"]
[White "Grela, Kacper"]
[Black "Klekowski, Maciej"]
[Result "1/2-1/2"]
[BlackElo "2499"]
[WhiteElo "2305"]
[LiveChessVersion "1.4.8"]

1. e4 {[%clk 1:30:57]} e5 {[%clk 1:29:44]} 2. Nf3 {[%clk 1:31:15]} Nc6
{[%clk 1:30:10]} 3. Bb5 {[%clk 1:31:34]} a6 {[%clk 1:30:36]} 4. Ba4
{[%clk 1:31:57]} Nf6 {[%clk 1:30:59]} 5. O-O {[%clk 1:32:13]} Be7
{[%clk 1:31:17]} 6. d3 {[%clk 1:32:19]} d6 {[%clk 1:31:09]} 7. c4
{[%clk 1:30:18]} O-O {[%clk 1:30:47]} 8. h3 {[%clk 1:30:28]} Nd4 {[%clk 1:30:48]}
9. Nxd4 {[%clk 1:29:09]} exd4 {[%clk 1:31:13]} 10. Nd2 {[%clk 1:27:01]} Rb8
{[%clk 1:27:32]} 11. Nf3 {[%clk 1:23:24]} c5 {[%clk 1:21:42]} 12. b4
{[%clk 1:18:36]} b5 {[%clk 1:21:27]} 13. cxb5 {[%clk 1:18:36]} axb5
{[%clk 1:21:53]} 14. Bb3 {[%clk 1:18:55]} Bb7 {[%clk 0:58:12]} 15. Bf4
{[%clk 1:11:27]} Rc8 {[%clk 0:55:09]} 16. a4 {[%clk 1:05:07]} c4 {[%clk 0:50:30]}
17. Bc2 {[%clk 1:04:08]} bxa4 {[%clk 0:48:11]} 18. Nxd4 {[%clk 1:01:28]} cxd3
{[%clk 0:48:05]} 19. Bxd3 {[%clk 1:01:51]} Nxe4 {[%clk 0:47:33]} 20. Qxa4
{[%clk 0:44:11]} Bf6 {[%clk 0:43:53]} 21. Qa7 {[%clk 0:39:58]} Bd5
{[%clk 0:29:47]} 22. Qa5 {[%clk 0:40:07]} Nc5 {[%clk 0:24:11]} 23. bxc5
{[%clk 0:34:54]} Bxd4 {[%clk 0:23:01]} 24. cxd6 {[%clk 0:35:14]} Bxa1
{[%clk 0:18:45]} 25. Qxd5 {[%clk 0:35:37]} Ra8 {[%clk 0:16:21]} 26. d7
{[%clk 0:33:14]} Qf6 {[%clk 0:14:20]} 27. Bg5 {[%clk 0:29:14]} Qd4
{[%clk 0:04:36]} 28. Qxd4 {[%clk 0:27:43]} Bxd4 {[%clk 0:05:00]} 29. Be7
{[%clk 0:26:34]} Bf6 {[%clk 0:02:55]} 30. Bxf8 {[%clk 0:26:10]} Kxf8
{[%clk 0:03:21]} 31. Bb5 {[%clk 0:24:47]} g6 {[%clk 0:02:29]} 32. Re1
{[%clk 0:24:13]} Be7 {[%clk 0:01:20]} 33. Rc1 {[%clk 0:23:52]} Bd8
{[%clk 0:01:31]} 34. g3 {[%clk 0:21:13]} Ra5 {[%clk 0:01:43]} 35. Bc6
{[%clk 0:20:05]} Ke7 {[%clk 0:01:48]} 36. Re1+ {[%clk 0:17:18]} Kd6
{[%clk 0:02:01]} 37. Re8 {[%clk 0:17:39]} Kxc6 {[%clk 0:01:26]} 38. Rxd8
{[%clk 0:18:04]} Ra7 {[%clk 0:01:00]} 39. Rh8 {[%clk 0:18:26]} Kxd7
{[%clk 0:01:19]} 40. Rxh7 {[%clk 0:48:50]} Ke6 {[%clk 0:31:46]} 41. Rh8
{[%clk 0:49:10]} f5 {[%clk 0:30:41]} 42. Kg2 {[%clk 0:49:26]} Kf6
{[%clk 0:31:05]} 43. Rb8 {[%clk 0:49:48]} Ra6 {[%clk 0:31:31]} 44. h4
{[%clk 0:49:25]} Rc6 {[%clk 0:31:31]} 45. Rh8 {[%clk 0:49:43]} Kg7
{[%clk 0:31:49]} 46. Ra8 {[%clk 0:50:08]} 1/2-1/2

[Event "XXIX Miedzynarodowy Festiwal Szachowy CRACOVIA-2018 Grupa A"]
[Site "Krakow, Hotel Galaxy, ul. Gesia 22a"]
[Date "2019.01.04"]
[Round "9.14"]
[White "Colijn, Stefan"]
[Black "Marszalek, Maciej"]
[Result "1/2-1/2"]
[BlackElo "2280"]
[WhiteElo "2331"]
[LiveChessVersion "1.4.8"]

1. Nf3 {[%clk 1:28:48]} Nf6 {[%clk 1:30:34]} 2. g3 {[%clk 1:26:56]} g6
{[%clk 1:30:59]} 3. Bg2 {[%clk 1:27:25]} Bg7 {[%clk 1:31:23]} 4. O-O
{[%clk 1:27:49]} O-O {[%clk 1:31:30]} 5. c4 {[%clk 1:26:54]} c6 {[%clk 1:31:50]}
6. d4 {[%clk 1:26:36]} d5 {[%clk 1:32:07]} 7. Ne5 {[%clk 1:26:27]} dxc4
{[%clk 1:30:53]} 8. Nxc4 {[%clk 1:25:12]} Be6 {[%clk 1:29:20]} 9. b3
{[%clk 1:24:34]} Bd5 {[%clk 1:28:10]} 10. f3 {[%clk 1:16:16]} c5 {[%clk 1:25:06]}
11. Bb2 {[%clk 1:12:13]} cxd4 {[%clk 1:20:55]} 12. Ne5 {[%clk 1:04:10]} Nc6
{[%clk 1:18:20]} 13. Nxc6 {[%clk 1:03:32]} Bxc6 {[%clk 1:12:39]} 14. Qxd4
{[%clk 1:02:26]} Qxd4+ {[%clk 1:04:46]} 15. Bxd4 {[%clk 0:58:58]} Rfd8
{[%clk 1:05:08]} 16. Be5 {[%clk 0:59:07]} Nd5 {[%clk 0:47:50]} 17. Bxg7
{[%clk 0:54:30]} Kxg7 {[%clk 0:48:19]} 18. Kf2 {[%clk 0:54:38]} a5
{[%clk 0:36:07]} 19. a3 {[%clk 0:50:45]} e5 {[%clk 0:26:13]} 20. Ra2
{[%clk 0:49:27]} Nb6 {[%clk 0:23:09]} 21. Rc1 {[%clk 0:42:01]} Rd6
{[%clk 0:22:01]} 22. Rd2 {[%clk 0:41:17]} Rxd2 {[%clk 0:19:58]} 23. Nxd2
{[%clk 0:41:45]} Rd8 {[%clk 0:19:48]} 24. Rc2 {[%clk 0:33:10]} f5
{[%clk 0:17:34]} 25. e3 {[%clk 0:29:03]} Kf6 {[%clk 0:17:26]} 26. Bf1
{[%clk 0:29:17]} h6 {[%clk 0:16:10]} 27. e4 {[%clk 0:20:11]} g5 {[%clk 0:06:40]}
28. exf5 {[%clk 0:12:33]} Kxf5 {[%clk 0:07:07]} 29. b4 {[%clk 0:11:51]} axb4
{[%clk 0:06:33]} 30. axb4 {[%clk 0:12:19]} Ba4 {[%clk 0:06:46]} 31. Ra2
{[%clk 0:12:20]} Rd4 {[%clk 0:06:37]} 32. Rb2 {[%clk 0:09:46]} Kg6
{[%clk 0:06:23]} 33. Ne4 {[%clk 0:09:36]} Bc6 {[%clk 0:05:09]} 34. Nc5
{[%clk 0:10:03]} Na4 {[%clk 0:04:30]} 35. Nxa4 {[%clk 0:07:10]} Bxa4
{[%clk 0:04:59]} 36. b5 {[%clk 0:04:45]} Kf6 {[%clk 0:05:03]} 37. Ke3
{[%clk 0:04:46]} Ke6 {[%clk 0:04:20]} 38. Bd3 {[%clk 0:02:55]} Kd6
{[%clk 0:03:43]} 39. h4 {[%clk 0:02:45]} gxh4 {[%clk 0:01:13]} 40. g4
{[%clk 0:33:14]} Kc5 {[%clk 0:31:14]} 41. Rh2 {[%clk 0:33:28]} Bd1
{[%clk 0:20:33]} 42. Be4 {[%clk 0:33:25]} Rb4 {[%clk 0:20:19]} 43. Rxh4
{[%clk 0:33:11]} Rb3+ {[%clk 0:19:35]} 44. Kf2 {[%clk 0:31:37]} Rxb5
{[%clk 0:19:44]} 45. Rxh6 {[%clk 0:31:55]} Rb2+ {[%clk 0:20:04]} 46. Kg3
{[%clk 0:31:43]} Rb6 {[%clk 0:07:47]} 47. g5 {[%clk 0:26:22]} Bb3
{[%clk 0:07:01]} 48. Rxb6 {[%clk 0:25:42]} Kxb6 {[%clk 0:07:30]} 49. Kg4
{[%clk 0:25:33]} Be6+ {[%clk 0:07:54]} 50. Kh5 {[%clk 0:25:45]} Kc7
{[%clk 0:08:04]} 51. g6 {[%clk 0:25:19]} b5 {[%clk 0:07:57]} 52. g7
{[%clk 0:25:32]} Kd6 {[%clk 0:07:30]} 53. Bh7 {[%clk 0:25:43]} Kd5
{[%clk 0:07:32]} 54. g8=Q {[%clk 0:24:25]} Bxg8 {[%clk 0:07:51]} 55. Bxg8+
{[%clk 0:24:53]} Kd4 {[%clk 0:08:17]} 56. Bh7 {[%clk 0:24:02]} Ke3
{[%clk 0:08:04]} 57. Kg4 {[%clk 0:23:59]} b4 {[%clk 0:07:44]} 58. Bc2
{[%clk 0:21:32]} Kd2 {[%clk 0:07:24]} 59. Bb3 {[%clk 0:21:11]} Ke3
{[%clk 0:05:51]} 60. Kg3 {[%clk 0:18:31]} e4 {[%clk 0:06:14]} 61. f4
{[%clk 0:09:53]} Kd2 {[%clk 0:06:38]} 62. Bc4 {[%clk 0:07:14]} e3
{[%clk 0:06:49]} 63. f5 {[%clk 0:07:09]} b3 {[%clk 0:07:11]} 64. f6
{[%clk 0:06:56]} b2 {[%clk 0:03:18]} 65. f7 {[%clk 0:07:21]} e2 {[%clk 0:01:38]}
66. Bxe2 {[%clk 0:07:44]} 1/2-1/2

[Event "XXIX Miedzynarodowy Festiwal Szachowy CRACOVIA-2018 Grupa A"]
[Site "Krakow, Hotel Galaxy, ul. Gesia 22a"]
[Date "2019.01.04"]
[Round "9.24"]
[White "Zylka, Stanislaw"]
[Black "Kozak, Antoni"]
[Result "0-1"]
[BlackElo "2236"]
[WhiteElo "2305"]
[LiveChessVersion "1.4.8"]

1. d4 {[%clk 1:30:56]} Nf6 {[%clk 1:30:34]} 2. c4 {[%clk 1:31:16]} e6
{[%clk 1:30:44]} 3. Nc3 {[%clk 1:31:37]} Bb4 {[%clk 1:31:10]} 4. e3
{[%clk 1:31:55]} b6 {[%clk 1:30:52]} 5. Bd3 {[%clk 1:31:01]} Bb7 {[%clk 1:30:31]}
6. Nf3 {[%clk 1:30:33]} O-O {[%clk 1:23:49]} 7. O-O {[%clk 1:30:22]} d5
{[%clk 1:24:15]} 8. cxd5 {[%clk 1:30:23]} exd5 {[%clk 1:24:40]} 9. Qc2
{[%clk 1:24:29]} a6 {[%clk 1:23:51]} 10. Ne5 {[%clk 1:22:55]} Nbd7
{[%clk 1:22:04]} 11. f4 {[%clk 1:23:09]} c5 {[%clk 1:19:07]} 12. a3
{[%clk 1:23:23]} Ba5 {[%clk 1:14:45]} 13. Ne2 {[%clk 1:10:51]} Rc8
{[%clk 1:08:49]} 14. Qb1 {[%clk 1:06:06]} c4 {[%clk 1:01:04]} 15. Bf5
{[%clk 1:06:05]} g6 {[%clk 1:01:01]} 16. Bh3 {[%clk 1:06:29]} Rc7
{[%clk 1:00:14]} 17. Ng3 {[%clk 0:58:26]} Qe7 {[%clk 0:55:01]} 18. Qc2
{[%clk 0:58:10]} Nb8 {[%clk 0:49:48]} 19. f5 {[%clk 0:54:23]} Nc6
{[%clk 0:45:19]} 20. Kh1 {[%clk 0:50:19]} Nxe5 {[%clk 0:40:50]} 21. dxe5
{[%clk 0:50:11]} Ne4 {[%clk 0:41:10]} 22. Nxe4 {[%clk 0:49:06]} dxe4
{[%clk 0:41:17]} 23. Bd2 {[%clk 0:36:43]} Bxd2 {[%clk 0:39:23]} 24. Qxd2
{[%clk 0:37:11]} Qxe5 {[%clk 0:38:43]} 25. Rad1 {[%clk 0:36:50]} Bc8
{[%clk 0:37:53]} 26. Qe1 {[%clk 0:33:33]} Rc6 {[%clk 0:32:06]} 27. Qh4
{[%clk 0:29:32]} gxf5 {[%clk 0:30:02]} 28. Rf2 {[%clk 0:27:14]} c3
{[%clk 0:22:03]} 29. bxc3 {[%clk 0:27:36]} Qxc3 {[%clk 0:22:27]} 30. Bxf5
{[%clk 0:26:29]} Bxf5 {[%clk 0:22:35]} 31. Rxf5 {[%clk 0:26:48]} Qxe3
{[%clk 0:21:06]} 32. Re5 {[%clk 0:25:24]} Qxa3 {[%clk 0:20:02]} 33. Qxe4
{[%clk 0:23:53]} Rg6 {[%clk 0:20:21]} 34. h4 {[%clk 0:23:07]} Qg3
{[%clk 0:19:35]} 35. Rd3 {[%clk 0:22:28]} Qg4 {[%clk 0:19:52]} 36. Qe1
{[%clk 0:22:29]} Qxg2# 0-1